Mái tóc thề của mẹ

में बचाया:
ग्रंथसूची विवरण
मुख्य लेखक: Thượng Hồng
स्वरूप: पुस्तक
भाषा:Undetermined
प्रकाशित: Thành phố Hồ Chí Minh Thanh Niên 2007
विषय:
टैग : टैग जोड़ें
कोई टैग नहीं, इस रिकॉर्ड को टैग करने वाले पहले व्यक्ति बनें!
Thư viện lưu trữ: Trung tâm Học liệu Trường Đại học Cần Thơ
LEADER 00539nam a2200193Ia 4500
001 CTU_128392
008 210402s9999 xx 000 0 und d
020 |c 22500 
082 |a 895.1301 
082 |b Th561 
100 |a Thượng Hồng 
245 0 |a Mái tóc thề của mẹ 
245 0 |c Thượng Hồng 
260 |a Thành phố Hồ Chí Minh 
260 |b Thanh Niên 
260 |c 2007 
650 |a short stories, chinese 
904 |i M.Loan 
980 |a Trung tâm Học liệu Trường Đại học Cần Thơ